000 00431nam a2200181Ia 4500
005 20240823013008.0
008 240823s9999||||xx |||||||||||||| ||und||
041 _aENGLISH
082 _A004 M9
100 _aRajagopalan R
245 0 _aUnderstanding Computers
250 _a1st
260 _c1989
_b"TMH,New Delhi"
500 _aTRANSFERED
650 _aComputer Science
_bComputer Science
942 _cBK
999 _c165993
_d165993